000 01062cam a2200241 a 4500
999 _c57894
_d57894
001 13375287
005 20210326173025.0
008 031016s2004 ilua b 001 0 eng
020 _a9780398074777(paper)
041 _aeng
080 _a376-056.24+37.035 B-62
100 1 _aBishop, Virginia E.
_910782
245 1 0 _aTeaching visually impaired children /
_bby Virginia E. Bishop ; Natalie C. Barraga ; drawings by Charles Denzler and Virginia Bishop ; computer graphics and charts by Liz Broussard.
250 _a3rd ed.
264 _aSpringfield, Ill. :
_bC.C. Thomas,
_c2004.
300 _a335 p. :
_bill. ;
_c26 cm.
650 0 _aChildren with visual disabilities
_xEducation.
_910783
653 _aმხედველობადაქვეითებული ბავშვების სწავლება
653 _aპედაგიგიკა
700 _aCharles Denzler
_eმხატვარი
_910784
700 _aNatalie C. Barraga
_eწინასიტყვაობის ავტორი
_910785
942 _2udc
_cBK